00653nam a2200229 a 4500001001300000003000900013005001700022008004100039020002300080082001600103100001700119245002100136260003700157300001000194500003500204650001800239700001700257902000800274942000700282952011700289999001700406nice12345678IN_TiNIC20260116014910.0140911s2006 newa grp 000 0 eng  a1933435100 c18000a303.48bHOF aHoffer, Eric aOrdeal of Change aNew Jersey bHopewell Pub c2006 a128p  aincludes index and biblioraphy aSocial Change1 aHoffer, Eric bSRS cBK 001040708StackRoom-aHMIbHMId2005-01-01g180.00l0o303.48 HOFp024595r2005-01-01v180.00w2014-09-11yBK c17468d17468